000 00775nam a22002537a 4500
001 93368
003 UA-OsUOA
005 20220423181543.0
007 ta
008 20130118b un ||||| |||| 00| 0 ukr d
040 _aUA-OsUOA
_brus
_cUA-OsUOA
_dUA-OsUOA
041 _arus
080 _a821.161.1
090 _a821.161.1
_bГ71
100 _aГорький М.
245 _aСобрание сочинений в тридцати томах
_cМ. Горький
260 _aМ.
_bХудожественная литература
_c1950
300 _a532 с.
505 _gТ. 3
_tРассказы
650 7 _a821 Художня література
_2UDC
942 _cBK
_2udc
955 _a3
999 _c379613
_d379613